000 00466nam a22001817a 4500
003 MPLRDC
005 20220104182519.0
008 210129b ||||| |||| 00| 0 eng d
020 _a957-05-1754-9
082 _a175.9 CHP
100 _a成和平
245 _a哈利波特的沉思
_c
250 _a初版
260 _a台湾
_b台湾商务印书馆股份有限公司
_c2002
300 _b
650 _a心灵感应; 心理幻术
942 _cBK
_o175.9 CHP
999 _c61990
_d61980